|
|
|
|
| LEADER |
00759nam a22002172a 4500 |
| 001 |
001856469 |
| 003 |
CZ BrMZK |
| 005 |
20230427094109.0 |
| 007 |
ta |
| 008 |
230427s1931 gw a er|||||||||||ger d |
| 040 |
|
|
|a BOA001
|b cze
|e aacr2
|
| 100 |
1 |
|
|a Ehrhardt, Paul Georg,
|d 1889-1961
|7 xx0221277
|4 aut
|
| 245 |
1 |
4 |
|a Der Flieger-Robinson /
|c P.G. Ehrhardt ; Bildern von Willy Planck ; Geleitwort von Wolf Hirt
|
| 260 |
|
|
|a Stuttgart :
|b Herold-Verlag,
|c [1931]
|
| 300 |
|
|
|a 199 s. :
|b il.
|
| 700 |
1 |
|
|a Planck, Willy,
|d 1870-1956
|7 xx0104816
|4 ill
|
| 700 |
1 |
|
|a Hirth, Wolf,
|d 1900-1959
|7 hka2013797238
|4 wfw
|
| 910 |
|
|
|a BOA001
|b 2-0220.223
|
| 990 |
|
|
|a BK
|
| 991 |
|
|
|b 202304
|
| 996 |
7 |
|
|b 2618752301
|c 2-0220.223
|l MZK
|r Sklad / do 24 hodin
|n 0
|w 001923562
|u 000010
|a 1
|e BOA001
|j MZK50
|s A
|